Where'd my giggle go? / (Record no. 416538)
[ view plain ]
| 000 -LEADER | |
|---|---|
| fixed length control field | 01617cam a22003854i 4500 |
| 001 - CONTROL NUMBER | |
| control field | sky301518873 |
| 003 - CONTROL NUMBER IDENTIFIER | |
| control field | SKY |
| 005 - DATE AND TIME OF LATEST TRANSACTION | |
| control field | 20260220132154.0 |
| 008 - FIXED-LENGTH DATA ELEMENTS--GENERAL INFORMATION | |
| fixed length control field | 200811s2021 tnu j 000 0 eng |
| 010 ## - LIBRARY OF CONGRESS CONTROL NUMBER | |
| LC control number | 2020036624 |
| 020 ## - INTERNATIONAL STANDARD BOOK NUMBER | |
| International Standard Book Number | 9781400220670 |
| Qualifying information | (hardcover) |
| 020 ## - INTERNATIONAL STANDARD BOOK NUMBER | |
| International Standard Book Number | 140022067X |
| 020 ## - INTERNATIONAL STANDARD BOOK NUMBER | |
| International Standard Book Number | 9781400220687 |
| Qualifying information | (board book) |
| 020 ## - INTERNATIONAL STANDARD BOOK NUMBER | |
| International Standard Book Number | 1400220688 |
| Qualifying information | (board book) |
| 040 ## - CATALOGING SOURCE | |
| Original cataloging agency | DLC |
| Language of cataloging | eng |
| Description conventions | rda |
| Transcribing agency | DLC |
| Modifying agency | SKYRV |
| -- | CoBoFLC |
| 042 ## - AUTHENTICATION CODE | |
| Authentication code | pcc |
| 050 00 - LIBRARY OF CONGRESS CALL NUMBER | |
| Classification number | BF575.H27 |
| Item number | L78 2021 |
| 082 00 - DEWEY DECIMAL CLASSIFICATION NUMBER | |
| Classification number | 155.4/1242 |
| Edition number | 23 |
| 092 ## - LOCALLY ASSIGNED DEWEY CALL NUMBER (OCLC) | |
| Classification number | children nonfiction |
| Item number | Lucado |
| 100 1# - MAIN ENTRY--PERSONAL NAME | |
| Personal name | Lucado, Max, |
| Relator term | author. |
| 9 (RLIN) | 25572 |
| 245 10 - TITLE STATEMENT | |
| Title | Where'd my giggle go? / |
| Statement of responsibility, etc | Max Lucado ; illustrated by Sarah Jennings. |
| 264 #1 - Production, Publication, Distribution, Manufacture, and Copyright Notice. | |
| Place of production, publication, distribution, manufacture | Nashville, Tennessee, USA : |
| Name of producer, publisher, distributor, manufacturer | Thomas Nelson, |
| Date of production, publication, distribution, manufacture, or copyr | [2021] |
| 300 ## - PHYSICAL DESCRIPTION | |
| Extent | 1volume(unpaged): |
| Other physical details | color illustrations; |
| Dimensions | 26 cm. |
| 336 ## - Content Type | |
| Content type term | text |
| 337 ## - Media type | |
| Media type term | unmediated |
| 338 ## - Carrier type | |
| Carrier type term | volume |
| 520 ## - SUMMARY, ETC. | |
| Summary, etc | "A happy way to deal with the grumpies! In Where'd My Giggle Go? from beloved inspirational author Max Lucado, a young boy searches far and wide for his giggles before he realizes that the best way to be happy is to help others be happy!"-- |
| 521 ## - TARGET AUDIENCE NOTE | |
| Target audience note | Ages 4-8 |
| Source | Thomas Nelson. |
| 650 #0 - SUBJECT ADDED ENTRY--TOPICAL TERM | |
| Topical term or geographic name as entry element | Happiness |
| Form subdivision | Juvenile literature. |
| 9 (RLIN) | 5754402 |
| 650 #0 - SUBJECT ADDED ENTRY--TOPICAL TERM | |
| Topical term or geographic name as entry element | Thoughtfulness |
| Form subdivision | Juvenile literature. |
| 9 (RLIN) | 6467908 |
| 655 #4 - INDEX TERM--GENRE/FORM | |
| Genre/form data or focus term | Picture books for children. |
| 700 1# - ADDED ENTRY--PERSONAL NAME | |
| Personal name | Jennings, Sarah, |
| Relator term | illustrator. |
| 9 (RLIN) | 6359183 |
| 776 08 - ADDITIONAL PHYSICAL FORM ENTRY | |
| Display text | Online version: |
| Main entry heading | Lucado, Max, |
| Title | Where'd my giggle go? |
| Place, publisher, and date of publication | Nashville, Tennessee : Thomas Nelson, 2021. |
| International Standard Book Number | 9781400220663 |
| Record control number | (DLC) 2020036625. |
| 942 ## - ADDED ENTRY ELEMENTS (KOHA) | |
| Source of classification or shelving scheme | Dewey Decimal Classification |
| Koha item type | BOOK |
| Withdrawn status | Lost status | Source of classification or shelving scheme | Damaged status | Not for loan | Collection code | Home library | Current library | Shelving location | Date acquired | Source of acquisition | Total Checkouts | Total Renewals | Full call number | Barcode | Checked out | Date last seen | Date checked out | Cost, replacement price | Price effective from | Koha item type |
|---|---|---|---|---|---|---|---|---|---|---|---|---|---|---|---|---|---|---|---|---|
| Dewey Decimal Classification | Children NonFiction | Wasatch County Library | Wasatch County Library | Main Floor Childrens Area | 02/20/2026 | Donation | 1 | 2 | E Social Lucado | 34301002179721 | 04/25/2026 | 02/24/2026 | 02/24/2026 | 18.99 | 02/20/2026 | BOOK |
